000 02450cam a2200457 a 4500
999 _c27164
_d27164
001 16908809
005 20170207143643.0
008 110808s2010 enka bc 000 0 eng
010 _a 2011377050
020 _a9780900785771 (cased)
020 _a0900785772 (hbk.)
020 _a9780900785887 (pbk,)
020 _a0900785888 (pbk.)
035 _a(OCoLC)499078486
042 _apcc
050 0 0 _aNK7903 .M37W37 2010
100 1 _aWarren, Jeremy.
245 1 0 _aBeauty & power :
_bRenaissance and Baroque bronzes from the Peter Marino Collection /
_cJeremy Warren ; with contributions from Francesca G. Bewer, Leda Cosentino, and Richard Dorment.
246 3 _aBeauty and power :
_bRenaissance and Baroque bronzes from the Peter Marino Collection
260 _aLondon :
_bWallace Collection :
_bProduced and distributed for the Wallace Collection by Paul Holberton Pub.,
_c[2010?]
300 _a287 p. :
_bill. (some ill.) ;
_c29 cm.
490 0 _aCatalog of the Peter Marino Collection ;
_vv. 1
500 _aCatalog of an exhibition held at the Wallace Collection, London, Apr. 29-July 25, 2010, the Huntington Art Collections, San Marino, Oct. 7, 2010-Jan. 9, 2011 and the Minneapolis Institute of Arts, Feb. 6-May 15, 2011.
504 _aIncludes bibliographical references (274-282).
505 0 _aPeter Marino -- Meeting Mr. Marino / Richard Dorment -- Florence, Paris, Rome : cultural crossing points / Jeremy Warren -- Catalogue / Jeremy Warren -- Technical notes / Francesca G. Bewer -- Artists' biographies / Leda Cosentino.
600 1 0 _aMarino, Peter,
_d1949-
_xArt collections
_vExhibitions.
650 0 _aBronzes, Baroque
_vExhibitions.
650 0 _aBronzes, Renaissance
_vExhibitions.
650 0 _aBronzes
_xPrivate collections
_zUnited States
_vExhibitions.
700 1 _aBewer, Francesca G.
_q(Francesca Gabrielle),
_d1960-
700 1 _aCosentino, Leda.
700 1 _aDorment, Richard.
710 2 _aWallace Collection (London, England)
710 2 _aHenry E. Huntington Library and Art Gallery.
710 2 _aMinneapolis Institute of Arts.
942 _2lcc
_cBOOKS